Tilastot visalle Kissalippuja

Klikkaa tästä pelataksesi tätä visaa!

Yleistilastot

  • Tätä visaa on pelattu 344 kertaa
  • Keskiarvotulos 9 / 12

Vastaustilastot

Vastaus% Oikein
Japani
90%
Kypros
87%
Sri Lanka
86%
San Marino
85%
Uganda
83%
Bangladesh
81%
Liechtenstein
81%
Wales
79%
Bhutan
78%
Kiribati
64%
Antigua ja Barbuda
63%
Dominica
61%

Tulosjakauma

Persentiili vastausten määrän mukaan

Jokaisen tuloksen saaneiden osuus

Tuloshistoriasi

Et ole pelannut tätä visaa